| 000 | 00536nam a22002055i 4500 | ||
|---|---|---|---|
| 999 |
_c130105 _d130105 |
||
| 001 | 21746836 | ||
| 005 | 20230121122547.0 | ||
| 008 | 201007s2020 pau 000 0 eng | ||
| 020 | _a9780323673488 | ||
| 040 | _cPK-LaUMT | ||
| 082 |
_a615.82 _bPAG-I |
||
| 100 | 1 | _aPagliarulo, Michael A. | |
| 245 | 1 | 0 |
_aIntroduction to physical therapy / _cby Michael A. Pagliarulo |
| 250 | _a6th ed. | ||
| 260 |
_aMissouri : _bElsevier, _c2021 |
||
| 300 | _a320 p. | ||
| 650 | _aPhysical therpy | ||
| 650 | _aExercise therapy | ||
| 942 | _cBK | ||